<?xml version="1.0" encoding="UTF-8"?>
<record
    xmlns:xsi="http://www.w3.org/2001/XMLSchema-instance"
    xsi:schemaLocation="http://www.loc.gov/MARC21/slim http://www.loc.gov/standards/marcxml/schema/MARC21slim.xsd"
    xmlns="http://www.loc.gov/MARC21/slim">

  <leader>01609nam a22002417a 4500</leader>
  <datafield tag="999" ind1=" " ind2=" ">
    <subfield code="c">6236</subfield>
    <subfield code="d">6236</subfield>
  </datafield>
  <controlfield tag="003">DO-SdBJH</controlfield>
  <controlfield tag="005">20210527202412.0</controlfield>
  <controlfield tag="008">210527b           ||||| |||| 00| 0 spa d</controlfield>
  <datafield tag="040" ind1=" " ind2=" ">
    <subfield code="a">DO-SdBJH</subfield>
    <subfield code="b">spa</subfield>
    <subfield code="c">DO-SdBJH</subfield>
  </datafield>
  <datafield tag="090" ind1=" " ind2=" ">
    <subfield code="a">TG AAGBPFAFM</subfield>
    <subfield code="b">01497 2018</subfield>
  </datafield>
  <datafield tag="100" ind1="1" ind2=" ">
    <subfield code="a">Guerrero Medrano, Jeffrye Enmanuel</subfield>
    <subfield code="e">sustentante</subfield>
  </datafield>
  <datafield tag="245" ind1="1" ind2="0">
    <subfield code="a">Identificaci&#xF3;n de las capacidades del Escuadr&#xF3;n de Combate de la Fuerza A&#xE9;rea de Rep&#xFA;blica Dominicana, en la interceptaci&#xF3;n de aeronaves en el espacion a&#xE9;reo / </subfield>
    <subfield code="c">Jeffrye Enmanuel Guerrero Medrano, Ismael Antonio Hach&#xE9; Rivera, asesores Tebi Enrique Rodr&#xED;guez Hern&#xE1;ndez, Ariel A. Mont&#xE1;s Disla</subfield>
  </datafield>
  <datafield tag="260" ind1=" " ind2=" ">
    <subfield code="a">Santo Domingo Este :</subfield>
    <subfield code="b">INSUDE, </subfield>
    <subfield code="c">2018</subfield>
  </datafield>
  <datafield tag="300" ind1=" " ind2=" ">
    <subfield code="a">xiii, 96 p&#xE1;ginas</subfield>
  </datafield>
  <datafield tag="502" ind1=" " ind2=" ">
    <subfield code="a">Trabajo de grado (Licenciatura en Ciencias Aeron&#xE1;uticas). -- Instituto Superior para la Defensa (INSUDE). Academia A&#xE9;rea Gral. De Brig. Pil. Frank A. Feliz Miranda, 2018</subfield>
  </datafield>
  <datafield tag="504" ind1=" " ind2=" ">
    <subfield code="a">Incluye referencias bibliogr&#xE1;ficas e &#xED;ndices</subfield>
  </datafield>
  <datafield tag="505" ind1=" " ind2=" ">
    <subfield code="a">Antecedentes hist&#xF3;ricos del escuadr&#xF3;n de combate y la Fuerza A&#xE9;rea de Rep&#xFA;blica Dominicana. -- Aspectos generales y funciones del Escuadr&#xF3;n de Combate y la Fuerza A&#xE9;rea de Rep&#xFA;blica Dominicana. -- Evaluaci&#xF3;n de las capacidades del escuadr&#xF3;n de Combate de la Fuerza A&#xE9;rea de Rep. Dom. en la interceptaci&#xF3;n A&#xE9;rea.</subfield>
  </datafield>
  <datafield tag="700" ind1="1" ind2=" ">
    <subfield code="a">Hach&#xE9; Rivera, Ismael Antonio </subfield>
    <subfield code="e">sustentante</subfield>
  </datafield>
  <datafield tag="700" ind1="1" ind2=" ">
    <subfield code="a"> Rodr&#xED;guez Hern&#xE1;ndez, Tebi Enrique</subfield>
    <subfield code="e">asesor</subfield>
  </datafield>
  <datafield tag="700" ind1="1" ind2=" ">
    <subfield code="a">Mont&#xE1;s Disla, Ariel A. </subfield>
    <subfield code="e">asesor</subfield>
  </datafield>
  <datafield tag="830" ind1=" " ind2=" ">
    <subfield code="a">INSUDE. Academia A&#xE9;rea Gral. De Brig. Pil. Frank A. Feliz Miranda. Tesis y disertaciones acad&#xE9;micas</subfield>
  </datafield>
  <datafield tag="942" ind1=" " ind2=" ">
    <subfield code="2">CL</subfield>
    <subfield code="c">T</subfield>
  </datafield>
  <datafield tag="952" ind1=" " ind2=" ">
    <subfield code="0">0</subfield>
    <subfield code="1">0</subfield>
    <subfield code="2">CL</subfield>
    <subfield code="4">0</subfield>
    <subfield code="7">1</subfield>
    <subfield code="8">TG</subfield>
    <subfield code="a">BJHA</subfield>
    <subfield code="b">BJHA</subfield>
    <subfield code="d">2021-05-27</subfield>
    <subfield code="i">01497</subfield>
    <subfield code="l">0</subfield>
    <subfield code="o">TG AAGBPFAFM 01497 2018</subfield>
    <subfield code="p">01497</subfield>
    <subfield code="r">2021-05-27 00:00:00</subfield>
    <subfield code="t">e.1</subfield>
    <subfield code="w">2021-05-27</subfield>
    <subfield code="y">T</subfield>
  </datafield>
</record>
